Famosi "primi" nella storia - Statistics

Statistiche generali
  • Questo quiz è stato fatto 244 volte
  • Il punteggio medio è 9 su 15
Statistiche sulle risposte
DOMANDA RISPOSTA % Corretto
Presidente Usa di colore Obama
99%
Università inglese Oxford
93%
Città ospitante delle Olimpiadi Atene
92%
Leader URSS Lenin
92%
Donna citata nella Bibbia Eva
82%
Nazione a vincere un Mondiale Uruguay
70%
Segno zodiacale Ariete
60%
Persona a morire nella Bibbia Abele
58%
Donna a vincere il premio Nobel Curie
57%
Leader dell'Accademia ad Atene Platone
48%
Persona a volare con un aereo Wright
38%
Malattia ad essere completamente eradicata Vaiolo
36%
Re inglese normanno Guglielmo
28%
Presidente russo eletto democraticamente Eltsin
14%
Inglese a circumnavigare il globo Drake
10%
Nessun quiz corrispondente trovato
Distribuzione punteggi
Percentuale di utenti per punteggio
Percentile per numero di risposta
I tuoi punteggi nel tempo
Non hai fatto questo quiz